000 00288nam a22001217a 4500
999 _c13429
_d13429
020 _a9789699988998
082 _a954.035
100 _aAhmad Saeed, Kh. Mansur Sarwar
245 _aTrek to Pakistan
260 _aLahore
_bPeace Publications
_c2019
300 _axiv, 369 pages
942 _cBK